[Event "26th Bunratty Masters 2019"]
[Site "Bunratty"]
[Date "2019.02.23"]
[Round "4.2"]
[White "Turner, Matthew J"]
[Black "Howell, David W L"]
[Result "1-0"]
[WhiteElo "2519"]
[BlackElo "2689"]
[Annotator "TA"]
[PlyCount "111"]
[EventDate "2019.02.22"]
[EventType "swiss"]
[EventCountry "IRL"]
[SourceTitle "playchess.com"]
[Source "ChessBase"]
[SourceQuality "1"]

{[%evp 9,111,10,6,20,20,13,28,8,11,8,9,0,-4,-10,-13,-8,8,10,46,37,46,31,23,-21,-5,-29,0,0,20,25,25,0,2,0,9,9,1,6,4,11,8,-19,-19,-19,0,0,0,-24,-21,-30,-31,-31,-19,-35,-11,-21,-19,-58,-58,-58,-58,-58,-16,-16,-15,-16,-16,-21,-18,-21,-8,-51,-20,-45,-45,-79,-78,-71,-61,-58,-26,-39,0,0,8,8,217,194,190,191,29973,29974,29974,29976,29975,29976,29976,29977,29978,29978,29977,29977,29984,29985]} 1. d4 Nf6 2. Bg5 d5 3. Nd2 c5 4. dxc5 (4. e3 Nc6 5. Ngf3 cxd4 6. exd4 Bg4 7. c3 e6 8. Qb3 Qb6 9. Bf4 Nd7 10. Bd3 Be7 11. O-O Bh5 {0-1 (52) Artemiev,V (2709)-Giri,A (2783) St Petersburg 2018}) 4... Qa5 5. Bxf6 gxf6 6. e3 {D00: 1 d4 d5: Unusual lines} Nc6 7. Ngf3 Qxc5 $146 ({Predecessor:} 7... Bg7 8. c4 Qxc5 9. cxd5 Qxd5 10. Bc4 Qa5 11. O-O O-O 12. Qb3 Rb8 {½-½ (20) Schmidt,P (2383)-Schnider,G (2419) Austria 2017}) 8. a3 {White has an edge.} Rg8 9. g3 Bg4 10. h3 Bh5 11. g4 {Nb3 is the strong threat.} Bg6 12. c4 dxc4 13. Bxc4 O-O-O 14. Rc1 $1 Qb6 15. Qb3 Qxb3 16. Nxb3 Kb8 17. Ke2 e6 18. Bb5 Ne5 19. Nxe5 fxe5 20. Rhd1 (20. Nc5 {with more complications.} Bxc5 21. Rxc5 f6 22. Rcc1 h5 23. Rhd1) 20... Rxd1 21. Rxd1 a6 $132 {[%mdl 2048] Black puts up resistance} 22. Bd3 e4 23. Bb1 Bg7 24. Nc5 Bxb2 25. Rd7 Bxa3 26. Rxb7+ Kc8 27. Ra7 Kb8 28. Rb7+ Ka8 29. Rc7 Bxc5 30. Rxc5 $11 {[%mdl 4096] Endgame KRB-KRB} Kb7 31. h4 {Black must now prevent h5.} h6 32. Re5 Kc6 33. h5 Kd6 34. Ra5 Bh7 35. Rxa6+ Ke7 36. Ba2 $1 Kf6 37. f3 $1 exf3+ 38. Kxf3 Bc2 {Threatens to win with ...Bd1+.} 39. Rd6 Rc8 40. Rd2 Rc7 41. Rd8 Kg5 42. Rg8+ {[#]} Kh4 $1 43. Rd8 Ba4 44. Rd4 Ra7 45. Kf4 Ra5 46. Rd2 {[%cal Rd2h2]} e5+ 47. Kf5 Ra7 $2 (47... Bd7+ $11 48. Rxd7 Rxa2) 48. g5 $1 $18 {[%cal Rg5h6]} ({Weaker is} 48. Kxe5 Kg5 $11) 48... hxg5 49. h6 f6 $2 (49... Bd7+ $18 50. Kxe5 Bh3) 50. h7 {White mates.} Rxh7 51. Rh2+ Kg3 52. Rxh7 Bc2+ 53. e4 g4 54. Rg7 Bd1 55. Bf7 Kh4 {[#]} 56. Bh5 $1 {[%mdl 512] Accuracy: White = 65%, Black = 47%.} 1-0

[Event "26th Bunratty Masters 2019"]
[Site "Bunratty"]
[Date "2019.02.23"]
[Round "4.3"]
[White "Hebden, Mark L"]
[Black "Heidenfeld, Mark"]
[Result "1-0"]
[WhiteElo "2417"]
[BlackElo "2358"]
[Annotator "TA"]
[PlyCount "69"]
[EventDate "2019.02.22"]
[EventType "swiss"]
[EventCountry "IRL"]
[SourceTitle "playchess.com"]
[Source "ChessBase"]
[SourceQuality "1"]

{[%evp 13,69,64,64,62,52,50,93,85,72,68,71,72,76,62,78,60,79,55,94,65,77,36,90,14,71,66,75,0,0,0,0,0,0,0,0,10,81,81,74,74,120,118,110,122,120,117,117,100,111,116,122,110,222,210,655,648,624,627]} 1. d4 d6 2. e4 e5 3. Nf3 Nc6 4. Bb5 Bd7 5. Nc3 exd4 6. Nxd4 Nge7 7. Be3 {C62: Ruy Lopez: Steinitz Defence} (7. Bg5 Nxd4 8. Qxd4 Bxb5 9. Nxb5 Qd7 10. Qc4 Nc6 11. O-O h6 12. Bf4 Be7 13. Rad1 a6 14. Nc3 Bg5 15. Bxg5 hxg5 16. Nd5 {0-1 (71) Shevchenko,K (2538)-Haldorsen,B (2405) chess.com INT 2018}) 7... Nxd4 {LiveBook: 4 Games} 8. Qxd4 Bxb5 9. Nxb5 {White is slightly better.} a6 10. Nc3 Nc6 11. Qd2 Be7 12. O-O-O Qd7 13. Nd5 O-O $146 ({Predecessor:} 13... O-O-O 14. Bb6 Qe6 15. Bxc7 Rde8 16. Rhe1 h6 17. Kb1 g5 {1-0 (68) Russell,M (2221)-Jamshedy,M Mallorca 2004}) 14. g4 Rfe8 15. f3 b5 16. h4 Ne5 17. Qg2 Nc4 (17... c6 $14 18. Nb6 Qa7) 18. Bg5 (18. g5 $16) 18... f6 (18... Bf8 $11) 19. Bf4 $1 $16 c6 20. Ne3 (20. Nxe7+ $16 Qxe7 21. b3) 20... Nxe3 $1 $11 21. Bxe3 Qe6 22. Kb1 d5 23. Bc1 dxe4 24. Rhe1 exf3 (24... f5 $11) 25. Qxf3 $16 Qc8 26. g5 f5 27. Re5 Bf8 28. Rxf5 Qe6 {[#]} 29. h5 $1 {[%cal Bh4h5,Bh5g6][%mdl 32]} Be7 30. g6 {gxh7+ is the strong threat.} Rf8 31. Rxf8+ Rxf8 32. Qg3 hxg6 (32... Rf6 $16 {keeps fighting.}) 33. hxg6 $18 {aiming for Rh1.} Rf6 $2 {[#]} (33... Rf5 34. Rg1 Qf6) 34. Re1 $1 {[%cal Re1e6]} Qd6 35. Qh4 {Precision: White = 66%, Black = 43%.} 1-0

[Event "26th Bunratty Masters 2019"]
[Site "Bunratty"]
[Date "2019.02.23"]
[Round "4.4"]
[White "Hunt, Adam C"]
[Black "Collins, Sam E."]
[Result "1-0"]
[WhiteElo "2397"]
[BlackElo "2429"]
[Annotator "TA"]
[PlyCount "97"]
[EventDate "2019.02.22"]
[EventType "swiss"]
[EventCountry "IRL"]
[SourceTitle "playchess.com"]
[Source "ChessBase"]
[SourceQuality "1"]

{[%evp 20,97,38,44,12,6,31,29,16,14,18,15,15,-20,-20,-49,-5,-14,-14,-15,0,0,16,-26,-31,-26,13,0,0,0,0,0,16,0,38,0,0,0,31,0,15,14,14,14,23,0,0,0,0,0,0,0,0,0,0,0,27,0,25,0,255,253,234,183,277,266,274,264,606,560,440,414,2847,1953,1739,1748,5514,5497,2901,2078]} 1. e4 e5 2. Nf3 Nc6 3. Bb5 a6 4. Ba4 Nf6 5. O-O Be7 6. Re1 b5 7. Bb3 d6 8. c3 O-O 9. h3 Bb7 10. d4 Nd7 11. Nbd2 {[%cal Bb1d2,Bd2f1,Bf1g3][%mdl 32]} exd4 {C92: Closed Ruy Lopez: 9...Be6, Karpov and Flohr-Zaitsev Variations} 12. cxd4 Bf6 13. Nf1 Na5 {[%cal Bc6a5,Ba5c4,Bc4a3,Ba3c2][%mdl 32] White has an edge.} 14. Bc2 Re8 15. Ng3 (15. Ne3 Bxe4 16. Bd2 Bxc2 17. Qxc2 Nc4 18. Nxc4 Rxe1+ 19. Rxe1 bxc4 20. Qxc4 {½-½ (60) Shankland,S (2671)-Bu,X (2725) Liaocheng 2018}) 15... g6 $1 16. Bf4 c5 17. Rb1 Nc4 $146 ({Predecessor:} 17... cxd4 18. Nxd4 Rc8 19. Nde2 {0-1 (32) Otikova,E (2049)-Semenova,E (2212) Riga 2017}) 18. b3 Na3 19. Rc1 Nxc2 20. Rxc2 Qb6 {[%cal Rc5d4]} 21. d5 a5 22. Nh2 a4 23. Ng4 Bg7 24. Bh6 axb3 25. axb3 Bd4 26. Be3 Bg7 27. Bh6 (27. b4 $5) 27... Bd4 28. Be3 Bh8 29. Bd2 Ra1 30. Rc1 Rxc1 $1 31. Qxc1 Ne5 {Hoping for ...Nd3.} 32. Nxe5 Bxe5 33. Bc3 Bxc3 34. Qxc3 b4 35. Qd2 Qd8 36. Ra1 h5 {Threatens to win with ...h4.} 37. Qf4 Kg7 38. Ra7 Qb6 39. Ra1 Ra8 $2 {[%mdl 8192]} (39... Qd8 $11 {and Black has nothing to worry.}) 40. Rxa8 $18 Bxa8 41. Qg5 Kh7 {[#]} (41... Kf8 {is a better defense.}) 42. Qf6 $1 {[%cal Rf6f7]} Qc7 43. Nf1 Bb7 $2 (43... c4) 44. Ne3 Ba6 {[#]} 45. e5 $1 {[%mdl 512]} c4 (45... Qd7 $142 46. g4 (46. Qxd6 Qxd6 47. exd6 Bb5 $11) (46. exd6 Be2 $18) 46... Bc8 47. exd6 Kg8 48. gxh5 Qxh3) (45... dxe5 46. Qxa6) 46. exd6 {White is clearly winning.} Qd7 47. Qe7 Bb5 48. Qxd7 {[%mdl 64] Overworked Piece} Bxd7 49. Nxc4 {Accuracy: White = 66%, Black = 34%.} 1-0

[Event "26th Bunratty Masters 2019"]
[Site "Bunratty"]
[Date "2019.02.23"]
[Round "4.5"]
[White "Pein, Malcolm"]
[Black "Williams, Simon K"]
[Result "0-1"]
[WhiteElo "2313"]
[BlackElo "2471"]
[Annotator "TA"]
[PlyCount "40"]
[EventDate "2019.02.22"]
[EventType "swiss"]
[EventCountry "IRL"]
[SourceTitle "playchess.com"]
[Source "ChessBase"]
[SourceQuality "1"]

{[%evp 15,40,6,10,8,5,-63,-72,-54,-66,-75,-87,-108,0,-50,-19,-325,-337,-903,-833,-1541,-1527,-1534,-1512,-1465,-1400,-1144,-1118]} 1. e4 e6 2. d4 d5 3. Nc3 Nf6 4. e5 Nfd7 5. f4 c5 6. Nf3 Nc6 7. Be3 Be7 8. Qd2 O-O 9. Be2 {C11: French: Classical System: 4 e5 and 4 Bg5 dxe4} (9. dxc5 Qa5 10. a3 Bxc5 11. Bxc5 Nxc5 12. Bd3 Bd7 13. O-O Nxd3 14. cxd3 Rac8 15. Qf2 Qa6 16. Rad1 b5 17. f5 exf5 18. Nxd5 {1-0 (37) Anand,V (2773)-Christiansen,J (2555) St Petersburg 2018}) 9... b6 10. O-O-O (10. O-O $11) 10... c4 $1 $15 11. f5 {Black is better.} b5 $1 12. fxe6 fxe6 13. Nxb5 Nb4 $146 ({Black should play} 13... Rb8 $1 $17 {[%cal Rb8b5]} 14. Nd6 Bxd6 15. exd6 Nf6) ({Predecessor:} 13... Rb8 14. Nd6 Bxd6 15. exd6 Nb4 16. Kb1 Nf6 {0-1 (26) Galindo Rodriguez,F (2235)-Garcia Roman,D (2390) Linares 2014}) 14. Bg5 {And now Bxe7 would win.} Rb8 {Hoping for ...Bxg5.} 15. Nc3 $2 {[%mdl 8192] [#]} (15. Bxe7 $11 {and White stays safe.} Qxe7 16. Nc3) 15... Qb6 $1 $19 {( -> ...Nxa2+!)} 16. b3 $2 {[#]} (16. Kb1 Bxg5 17. Nxg5 Nxa2 18. Na4) 16... Nxa2+ $1 {[%mdl 512] Black is clearly winning.} 17. Nxa2 {[#]} Ba3+ $1 ({Stronger than} 17... cxb3 18. Bxe7 bxa2 19. Qc3 $16) 18. Kb1 cxb3 19. Nc3 Ba6 20. Bxa6 Qxa6 {Accuracy: White = 19%, Black = 71%.} 0-1

[Event "26th Bunratty Masters 2019"]
[Site "Bunratty"]
[Date "2019.02.23"]
[Round "4.6"]
[White "Connell, Blair N"]
[Black "Astaneh Lopez, Alex"]
[Result "0-1"]
[WhiteElo "2239"]
[BlackElo "2427"]
[Annotator "TA"]
[PlyCount "100"]
[EventDate "2019.02.22"]
[EventType "swiss"]
[EventCountry "IRL"]
[SourceTitle "playchess.com"]
[Source "ChessBase"]
[SourceQuality "1"]

{[%evp 9,100,14,34,14,15,16,13,12,22,29,31,27,25,40,45,0,3,-4,174,150,169,139,235,212,275,246,322,336,317,321,521,160,170,123,230,221,318,315,519,543,590,575,561,559,960,958,2207,2036,1731,190,1199,189,200,196,198,0,201,20,111,64,86,85,79,99,94,0,0,0,86,0,0,-67,-58,-51,-59,-58,-58,-52,-60,-57,-69,-138,-131,-195,-163,-192,-181,-162,-147,-1874,-918,-29997,-29998]} 1. d4 Nf6 2. Nc3 d5 3. Bf4 Bf5 4. e3 e6 5. f3 (5. Nf3 Bd6 6. Ne5 Nbd7 7. Bd3 Bxd3 8. cxd3 O-O 9. O-O a6 10. a4 Qe7 11. e4 dxe4 12. dxe4 Rfd8 13. Nxd7 Bxf4 14. Nxf6+ Qxf6 {½-½ (49) Atabayev,Y (2453)-Dominguez Perez,L (2720) Baku 2016}) 5... c5 6. g4 {D00: 1 d4 d5: Unusual lines} Bg6 $1 7. Nb5 {Threatens to win with h4.} Na6 8. c3 {The position is equal.} Be7 9. h4 {Hoping for h5.} h6 10. Bg3 $146 ({Predecessor:} 10. Bd3 Bxd3 11. Qxd3 Nd7 {1-0 (36) Azimov,I (2162)-Sorokin,A (1701) St Petersburg 2018}) 10... O-O 11. Nh3 Ne8 12. Nf4 (12. g5 $5) 12... Bh7 13. g5 hxg5 $2 (13... c4 $11 {and Black has nothing to worry.}) 14. hxg5 $18 Bxg5 15. Bd3 $1 {[%cal Rd3h7]} g6 (15... Bxd3 $16 16. Qxd3 Nf6) 16. Qe2 cxd4 17. exd4 $40 {[%mdl 128] White is out for blood.} ({Resist} 17. Qh2 $6 Nf6 $16) 17... Kg7 18. Qh2 Rh8 19. Kf2 $1 ({Not} 19. Bxg6 Nf6 $16) 19... Kg8 $2 {[#]} (19... Kf8 {is a better defense.} 20. Rae1 Bf6) 20. Rae1 $2 (20. Nxe6 $1 $18 {[%mdl 512] and White stays clearly on top.} fxe6 21. Bxg6 $1 {[%mdl 512]}) 20... Bf6 $16 21. Ng2 Nb8 (21... Kf8 $16 {might work better.}) 22. Ne3 $18 a6 (22... Nc6 {was called for.}) 23. Nc7 Nxc7 $2 (23... Nc6 24. Nxa8 Qxa8) 24. Bxc7 Qf8 25. Ng4 Bg7 26. Bd6 Qd8 27. Be5 Nd7 28. Bxg7 Kxg7 29. Qh6+ Kg8 {[#]} 30. Qf4 $2 (30. Bxg6 $1 {[%mdl 512]} fxg6 31. Rxe6) 30... Qe7 31. Qc7 {[%mdl 1024] White has strong compensation.} Kg7 {[#]} 32. Qh2 $2 ({Better is} 32. Ne5 $1 $18) 32... Qg5 $2 (32... Qd8 $1 $11) 33. Re2 $2 (33. f4 $18 Qxg4 34. Qh6+ Kg8 35. Reg1 {[%mdl 64] Trapped Piece}) 33... Rac8 (33... Qh5 $1 $11) 34. Qd6 Nf6 35. Nxf6 Qxf6 {[#]} 36. Qh2 $1 Kf8 37. Qd6+ Kg7 38. Qh2 Kf8 $1 39. Qd6+ ({White should play} 39. Ke3 $16) 39... Kg7 $11 40. Ree1 (40. Qh2 $1 $11) 40... g5 $1 $15 41. Bxh7 Rxh7 42. Rxh7+ Kxh7 {[%mdl 4096] Endgame KQR-KQR} 43. Rh1+ Kg7 44. Qh2 Rg8 45. Qc7 (45. Ke2 $15) 45... g4 $17 46. f4 (46. Ke1 $17) 46... Qf5 47. Qe5+ Kg6 48. Kg3 f6 49. Qc7 $2 {[%mdl 8192]} (49. Qe2 $17) 49... Qd3+ (49... Rg7 $142 50. Qxg7+ Kxg7) 50. Kxg4 f5+ {Accuracy: White = 49%, Black = 48%.} 0-1

[Event "26th Bunratty Masters 2019"]
[Site "Bunratty"]
[Date "2019.02.24"]
[Round "5.1"]
[White "McShane, Luke J"]
[Black "Turner, Matthew J"]
[Result "1-0"]
[WhiteElo "2663"]
[BlackElo "2519"]
[Annotator "TA"]
[PlyCount "143"]
[EventDate "2019.02.22"]
[EventType "swiss"]
[EventCountry "IRL"]
[SourceTitle "playchess.com"]
[Source "ChessBase"]
[SourceQuality "1"]

{[%evp 17,143,29,31,8,6,0,6,4,20,23,27,13,10,0,10,0,0,0,0,0,0,0,0,0,0,0,0,0,0,0,0,0,0,0,0,0,0,-14,0,-10,0,-8,0,0,0,0,0,0,10,0,0,0,0,0,0,0,0,0,0,-2,0,0,0,-5,0,0,0,-8,0,-7,0,-5,0,-19,-20,-46,-50,-129,-129,-263,-232,-321,-260,-320,-218,-389,-369,-342,0,0,0,0,877,847,875,855,29972,29973,29973,29973,29979,29975,29975,29973,29973,29974,29974,29975,29975,29975,29975,29976,29976,29977,29977,29978,29978,29979,29979,29980,29980,29980,29980,29979,29979,29980,29979,29980]} 1. e4 e5 2. Nf3 Nc6 3. Bc4 Bc5 4. O-O Nf6 5. d3 d6 6. c3 Bb6 7. a4 h6 8. Nbd2 a6 9. b4 O-O 10. Ra2 {C54: Giuoco Piano: 4 c3 Nf6, main lines with 5 d4 and 5 d3} (10. Bb3 d5 11. Bb2 Be6 12. exd5 Nxd5 13. g3 Re8 14. Re1 Nf6 15. Bxe6 Rxe6 16. Nc4 e4 17. dxe4 Nxe4 18. Nxb6 cxb6 {½-½ (55) Ganguly,S (2615)-Efimenko,Z (2635) Germany 2018}) 10... Ne7 11. Re1 Ng6 12. d4 $146 {The position is equal.} ({Predecessor:} 12. a5 Ba7 13. Bb3 Nh5 14. Nc4 Nhf4 15. Ne3 Be6 16. Nd5 Bg4 17. Nxf4 exf4 {0-1 (49) Eide,J (1819)-Zielinski,S (2131) LSS email 2010}) 12... exd4 13. cxd4 Re8 14. Bf1 Bg4 15. Qc2 Qe7 16. h3 Bxf3 17. Nxf3 Nxe4 18. a5 Ba7 19. b5 axb5 20. a6 bxa6 21. Rxa6 d5 $1 22. Bxb5 Bb6 23. Rxa8 Rxa8 24. Bc6 Rd8 25. Bxd5 $1 Rxd5 26. Rxe4 Qd7 27. Qc4 Qb5 28. Qa2 Rd8 29. Be3 Qd5 30. Re8+ Kh7 31. Qxd5 Rxd5 32. Kf1 Rd7 33. g3 f6 34. Ke2 Ne7 35. g4 Kg6 36. Ra8 h5 37. gxh5+ Kf7 38. Ra4 Nf5 39. Rc4 Ke6 40. Rc1 Rd5 41. Rg1 Kf7 42. h6 gxh6 43. Kd3 h5 44. Ke4 Ke6 45. Rg6 Nd6+ 46. Kd3 c5 47. Rg1 (47. Rg8 $15) 47... cxd4 $17 48. Bd2 (48. Bc1 $17 {was called for.}) 48... Rb5 49. Ke2 Ne4 50. Rg8 Rb3 51. Be1 $2 (51. Rb8 Rb2 52. h4) 51... d3+ 52. Kf1 {next Re8+ is good for White.} Rb1 $2 (52... Kf7 $19 53. Rb8 Rb1 54. Rb7+ Ke8 55. Rb8+ Kd7) 53. Re8+ $1 $11 Kf5 {[#]} 54. Rxe4 $1 {[%mdl 512] Hoping for Ra4.} Bxf2 $2 {[%mdl 8192]} (54... Ba5 $11 55. Rd4 Rd1) (54... Kxe4 55. Nd2+) 55. Kxf2 $18 Rb2+ 56. Nd2 Rxd2+ 57. Bxd2 {White mates.} Kxe4 {[%mdl 4096] Endgame KB-K3P} 58. Kg3 h4+ 59. Kf2 f5 60. Bc1 Kd4 61. Bg5 Kc3 62. Ke1 Kc2 63. Bd2 Kb3 64. Kd1 Kc4 65. Bg5 Kd4 66. Kd2 Ke4 67. Bxh4 f4 68. Be1 Kd4 69. Bf2+ Ke4 70. Bb6 Kf3 {[#]} 71. h4 $1 Kg4 {[#]} 72. Bf2 $1 {Accuracy: White = 48%, Black = 69%.} 1-0

[Event "26th Bunratty Masters 2019"]
[Site "Bunratty"]
[Date "2019.02.24"]
[Round "5.2"]
[White "Short, Nigel D"]
[Black "Hebden, Mark L"]
[Result "1/2-1/2"]
[WhiteElo "2648"]
[BlackElo "2417"]
[Annotator "TA"]
[PlyCount "112"]
[EventDate "2019.02.22"]
[EventType "swiss"]
[EventCountry "IRL"]
[SourceTitle "playchess.com"]
[Source "ChessBase"]
[SourceQuality "1"]

{[%evp 9,112,15,50,5,4,-16,-9,-1,1,-19,16,-23,20,-26,22,13,0,25,16,21,39,15,9,9,8,0,0,0,0,-12,-10,-10,-11,-10,-12,-4,-18,-17,-6,-8,0,0,0,0,0,0,0,0,9,0,4,0,0,0,0,0,0,0,48,62,206,129,145,138,127,127,115,60,71,71,197,16,22,0,0,0,0,0,0,0,0,0,8,8,8,10,10,10,10,0,14,0,0,0,0,0,0,0,0,0,0,0,0,0,0]} 1. d4 Nf6 2. Bg5 d5 3. e3 Ne4 4. Bf4 c5 5. Bd3 Nf6 6. Nc3 {A45: Trompowsky Attack} a6 7. h3 Nc6 8. Nf3 e6 9. O-O b5 $146 (9... c4 $5 10. Be2 $8 b5 $11) ({Predecessor:} 9... c4 10. Be2 b5 11. Ne5 Bb7 12. Bf3 Bb4 13. a4 Qb6 14. axb5 axb5 15. Rxa8+ Bxa8 {1-0 (56) Andreikin,D (2722)-Dominguez Perez,L (2751) Baku 2014}) 10. a3 Bb7 (10... c4 $5 {[%cal Rc4d3]} 11. Be2 Bd6 $11) 11. Re1 Rc8 12. dxc5 Bxc5 13. e4 dxe4 14. Nxe4 Be7 15. c3 Nxe4 16. Bxe4 Qxd1 $1 17. Raxd1 Na5 18. Bxb7 Nxb7 19. b4 Bf6 20. Ne5 Bxe5 21. Bxe5 f6 22. Bd4 Kf7 23. f4 Rhd8 24. a4 Rd5 25. axb5 axb5 26. Ra1 Rc7 27. Ra6 Rd6 28. Rea1 Rcd7 29. g4 h6 30. h4 h5 31. gxh5 Rd5 32. Ra8 Rxh5 33. R1a7 $36 {[%mdl 2048] Black is under pressure.} Kg6 ({Wrong is} 33... Rxh4 $2 34. Rb8 $18) 34. Rb8 Rxd4 (34... e5 $14 35. fxe5 fxe5) 35. cxd4 $14 {[%mdl 4096] Endgame KRR-KRN} Nd6 36. Rd7 Nf5 37. Rxb5 Rxh4 38. Rbb7 (38. Rb8 $16) 38... Rxf4 39. b5 {Black must now prevent Ra7.} Nxd4 {[#]} (39... Ne3 $16) 40. Rxg7+ $2 (40. b6 $1 $18) 40... Kf5 $11 {The position is equal.} 41. b6 Ne2+ 42. Kg2 {Threatens to win with Rbd7.} Rb4 43. Rb8 {Hoping for b7.} Nf4+ 44. Kf2 {[#] Strongly threatening Rd7.} Rb2+ 45. Ke1 e5 46. b7 Nd3+ 47. Kf1 Nc5 48. Rf7 {next Rxf6+ is good for White.} Ke4 49. Rxf6 {Rf7 is the strong threat.} (49. Rg8 {is more complex.} Rxb7 50. Rxf6 Nd3 51. Rg3 Rb2 52. Ra6) 49... Rxb7 (49... Nd7 {is interesting.} 50. Rc8 Rb1+ 51. Kf2 Rb2+ 52. Kg3 Rb3+) 50. Rxb7 (50. Rg8 {keeps more tension.} Nd3 51. Rg3 Rb2 52. Rf7 Rd2 53. Rff3) 50... Nxb7 {KR-KN} 51. Ke2 Nc5 52. Rh6 {aiming for Rh4+.} Nd3 53. Rh4+ Nf4+ 54. Kf2 Kd3 55. Rh1 {And now Kf3 would win.} Ne6 56. Rd1+ Ke4 {Accuracy: White = 56%, Black = 58%.} 1/2-1/2

[Event "26th Bunratty Masters 2019"]
[Site "Bunratty"]
[Date "2019.02.24"]
[Round "5.3"]
[White "Astaneh Lopez, Alex"]
[Black "Hunt, Adam C"]
[Result "1/2-1/2"]
[WhiteElo "2427"]
[BlackElo "2397"]
[Annotator "TA"]
[PlyCount "87"]
[EventDate "2019.02.22"]
[EventType "swiss"]
[EventCountry "IRL"]
[SourceTitle "playchess.com"]
[Source "ChessBase"]
[SourceQuality "1"]

{[%evp 14,87,46,39,59,41,45,41,62,61,52,10,19,17,12,18,14,29,25,12,17,14,40,32,33,35,85,39,47,37,42,34,50,35,53,42,60,41,80,0,0,0,0,0,0,0,0,0,0,-8,-8,-8,-8,-8,0,0,0,0,0,0,0,0,0,0,0,0,0,0,0,0,0,0,0,0,0,-5]} 1. c4 g6 2. g3 Bg7 3. Bg2 d6 4. Nf3 Nf6 5. d4 O-O 6. O-O Nc6 7. b3 a6 8. Bb2 Rb8 {E60: King's Indian: Unusual lines and Fianchetto Variation without Nc3} 9. d5 (9. Qc1 Bd7 10. Rd1 b5 11. d5 Na5 12. c5 dxc5 13. Qxc5 Nc4 14. Bd4 Ne4 15. Qb4 e5 16. Ba7 {1-0 (56) Dreev,A (2657)-Eminov,O (2291) Konya 2018}) 9... Na5 10. e4 c5 {White is slightly better.} 11. e5 Nd7 12. Re1 $146 ({Predecessor:} 12. Qe2 b5 13. cxb5 axb5 14. e6 Nf6 15. exf7+ Rxf7 {1-0 (36) Olarasu,G (2311)-Mammadova,N (2104) Dresden 2004}) 12... Nxe5 13. Nxe5 dxe5 14. Bxe5 Bxe5 15. Rxe5 Nc6 16. Re1 Nd4 17. Nd2 Bf5 18. g4 Bd7 19. h3 Re8 20. Nf3 Nxf3+ $1 21. Qxf3 Qc7 22. Re4 Qd6 23. Rae1 b6 24. Re5 e6 25. Qg3 Kg7 26. f4 (26. dxe6 $16 Rxe6 27. Rxe6 Qxg3 {[#]} 28. Rxg6+ $1 {[%mdl 512]} (28. fxg3 Bxe6 29. Rc1 Rd8 $11) 28... hxg6 29. fxg3) 26... f6 $11 {The position is equal.} 27. R5e3 exd5 28. Bxd5 Rxe3 29. Rxe3 Re8 30. g5 (30. Rxe8 {seems wilder.} Bxe8 31. Qe3 Bd7 32. a4 Bc6 33. Qe4) 30... fxg5 31. fxg5 Qxg3+ 32. Rxg3 {[%mdl 4096] Endgame KRB-KRB} Re2 33. Rg2 Re5 34. h4 h6 35. Kf2 hxg5 36. hxg5 Kf8 37. Kf3 Ke7 38. Rg1 Kd6 39. Kf4 Rf5+ 40. Ke3 Re5+ 41. Kf4 Rf5+ 42. Ke3 Re5+ 43. Kf4 Rf5+ 44. Ke4 {Accuracy: White = 57%, Black = 68%.} 1/2-1/2

[Event "26th Bunratty Masters 2019"]
[Site "Bunratty"]
[Date "2019.02.24"]
[Round "5.4"]
[White "Williams, Simon K"]
[Black "Bates, Richard A"]
[Result "1/2-1/2"]
[WhiteElo "2471"]
[BlackElo "2351"]
[Annotator "TA"]
[PlyCount "33"]
[EventDate "2019.02.22"]
[EventType "swiss"]
[EventCountry "IRL"]
[SourceTitle "playchess.com"]
[Source "ChessBase"]
[SourceQuality "1"]

{[%evp 17,33,27,36,25,31,0,28,25,18,13,41,45,35,0,0,0,0,-8]} 1. d4 Nf6 2. c4 e6 3. Nf3 Bb4+ 4. Nbd2 O-O 5. a3 Bxd2+ 6. Bxd2 d6 7. Qc2 Qe7 8. Bc3 Nc6 9. e3 a5 10. h3 {E33: Nimzo-Indian: Classical: 4...Nc6} (10. Be2 e5 11. dxe5 dxe5 12. h3 Rd8 13. O-O e4 14. Nd4 Nxd4 15. Bxd4 c5 16. Bc3 a4 17. f4 Bd7 {1-0 (41) Wojtaszek,R (2736)-Nisipeanu,L (2683) Dortmund 2017}) 10... e5 11. Be2 Re8 12. dxe5 {White has an edge.} dxe5 13. b3 {[#]} b6 $146 ({Predecessor:} 13... e4 14. Nd2 Bf5 15. g4 Bg6 16. h4 h6 17. h5 Bh7 {0-1 (51) Yankelevich,L (2407)-Sanikidze,T (2503) Vandoeuvre 2016}) 14. O-O Bb7 15. Nd2 Nd4 16. exd4 exd4 {[%mdl 64] [#] Discovered Attack} 17. Bf3 1/2-1/2